000 021370000a22002650004500
001 14792
003 CO-MdFUSB
005 20180622072731.0
008 160823b xxu||||| |||| 00| 0 eng d
020 _a84-293-1406-7
040 _cCO-MdFUSB
082 0 4 _aG 220.6 I61926i
245 1 0 _aLa interpretación bíblica, hoy / Editado por John Barton ; traducido por José Pedro Tosaus Abadía
264 _aSantander :
_bSal Terrae,
_c2001
300 _a390 p.
500 _aTítulo original en inglés: the cambridge companion \ Incluye índice onomástico y analítico , índice de textos bíblicos
501 _arústico
505 0 0 _aI Parte: Líneas metodológicas. Enfoques histórico-críticos -- Lecturas literarias de la Biblia (David Jasper) -- El mundo social de la biblia (Keith W. Whitelam) -- Enfoques postestructuralistas. Neohistoricismo y posmodernismo (Robert P. Carroll) -- Lecturas políticas de la escritura (Tim Gorringe) -- La interpretación feminista (Ann Loades) -- Los estudios bíblicos y la hermenéutica teórica (Anthony Thiselton) -- La biblia y la teología cristiana (Roberth Morgan) -- El estudio bíblico y la lingüística (William Johnstone) -- Aspectos de la aportación judía a la interpretación bíblica (Stefan C. Reif) -- La biblia en la literatura y en el arte (Stephen Prickett)\ II Parte: Los libros bíblicos en la interpretación moderna. El pentateuco (Joseph Blenkinsopp) -- Los libros históricos del A. T. (Iain Provan) -- Los libros proféticos (Robert R. Wilson) -- Los libros poéticos y sapiensales (Robert Alter) -- Los evangelios sinópticos y los Hechos de los Apóstoles. La historia cristiana contada (Pheme Perkins) -- Juan y la literatura joánica. La mujer junto al pozo (John Ashton) -- Las cartas paulinas (James Dunn) -- Las cartas no paulinas (Frances Young) -- Literatura apocalíptica (James C. Vanderkam)
650 1 4 _aBIBLIA \ INTERPRETACION DE LA BIBLIA \ BIBLIA - CRITICA LITERARIA
700 1 _aBarton, Jhon, ed.
942 _cBK
999 _c43625
_d43625
336 _atexto
_btxt
_2rdacontent
337 _2rdamedia
_asin mediación
_bn
338 _2rdacarrier
_avolumen
_bnc